000 00511nam a2200181 i 4500
001 58415
003 ES-MaACL
005 20250916063042.0
007 t|
008 031022s1925 fr ||||1| fre d
100 1 _aDuhamel, Georges,
_d1884-1966
_945938
245 1 0 _aVie des martyrs
_b: 1914-1916 /
_cGeorges Duhamel.
250 _a63eme ed.
260 _a[S.l. :
_bs.n.,
_c1925] (
_ePoitiers :
_fMarc Texier)
300 _a245 p. ;
_c19 cm.
852 _aES-MaACL
_jF-888
999 _c58415
_d58415